00579nam a22001697a 4500003000400000020001800004082001700022100002000039245004600059260003300105300000700138650001900145942001200164952010800176952010800284999001700392SGT a9788198864451 a617.69bR25G aGupta, Vaishali aRestoring Edentulous Ridges with Implants bHeal Talk Publicationsc2025 a82 aProsthodontics 2ddccBK 00102ddc4070aFDbFDd2026-02-24iSGTUl0o617.69 R25GpFD10193r2026-02-24 00:00:00w2026-02-24yBK 00102ddc4070aFDbFDd2026-02-24iSGTUl0o617.69 R25GpFD10194r2026-02-24 00:00:00w2026-02-24yBK c34202d34202